000 00272nam a2200097Ia 4500
001 685037
005 20250826161509.0
008 250824s9999 xx 000 0 und d
245 0 _aSOLMAZ HANIM KİMSESİZ OKURLAR İÇİN/S.İLERİ/EVEREST
_cSELİM İLERİ
260 _bEVEREST
999 _c685037
_d685037